Trevor : non sei sbagliato: sei come sei /

Trevor tredici anni, è un inguaribile ottimista, uno spirito effervescente ed entusiasta, un artista in erba che con la sua vita sogna di cambiare il mondo, proprio come Lady Gaga. A scuola, però, le sue passioni iniziano ad attirargli battutine e insulti, che nella sua limpida ingenuità Trevor non...

Popoln opis

Shranjeno v:
Bibliografske podrobnosti
Glavni avtor: Lecesne, James (Author)
Drugi avtorji: Aterini, Giordano (Translator), Gabardini, Carlo G. (Author of introduction, etc.)
Format: Knjiga
Jezik:italijanščina
Izdano: Milano : Rizzoli, 2014
Serija:Rizzoli narrativa
Oznake: Označite
Brez oznak, prvi označite!

MARC

LEADER 00000nam a22000007i 4500
001 IT\ICCU\VIA\0279683
003 ItRI
005 20260115232049.0
008 141015s2014 it |||||| ||||| |||||c
020 |a 9788817077132 
040 |b ita  |c importazione bologna sebina 
041 7 |a ita  |2 ISO-639-2 
100 1 |a Lecesne, James  |0 IT\ICCU\VIAV\143318  |4 aut 
240 1 0 |a Trevor  |3 IT\ICCU\VIA\0279684  |9 Lecesne, James 
245 1 0 |a Trevor :  |b non sei sbagliato: sei come sei /  |c James Lecesne ; con la prefazione di Carlo G. Gabardini ; traduzione di Giordano Aterini. 
260 |a Milano :  |b Rizzoli,  |c 2014 
300 |a 106 p. ;  |c 22 cm 
520 |a Trevor tredici anni, è un inguaribile ottimista, uno spirito effervescente ed entusiasta, un artista in erba che con la sua vita sogna di cambiare il mondo, proprio come Lady Gaga. A scuola, però, le sue passioni iniziano ad attirargli battutine e insulti, che nella sua limpida ingenuità Trevor non capisce, e così facendo contribuisce a rinfocolare. Abbandonato dagli amici, frainteso dal mondo degli adulti, genitori compresi, Trevor si ritrova presto affibbiata l'etichetta di gay. Una storia che si ripete spesso in molte scuole del nostro Paese. Per fortuna, però, nel caso di Trevor questo è solo l'inizio. Prefazione di Carlo G. Gabardini. 
700 1 |a Aterini, Giordano  |0 IT\ICCU\RAVV\398443  |4 trl 
700 1 |a Gabardini, Carlo G.  |0 IT\ICCU\UBOV\961867  |4 aui 
790 1 |a Gabardini, Carlo Giuseppe  |3 IT\ICCU\SBNV\046981  |z Gabardini, Carlo G. 
830 0 |a Rizzoli narrativa  |0 IT\ICCU\CFI\0728647 
942 |2 ddc  |c BK  |n 0 
952 |0 0  |1 0  |4 0  |6 R_813_600000000000000_LEC  |7 0  |9 19432  |a BO  |b BO  |d 2026-01-15  |i 17612  |l 0  |o R 813.6 LEC  |p BO17612  |r 2026-01-15 23:20:49  |w 2026-01-15  |x [Sebina 5] [1 v.]  |y BK  |z 1 v. 
999 |c 16543  |d 16543